ბათუმის შოთა რუსთაველის სახელმწიფო უნივერსიტეტის ბიბლიოთეკა

ჩანაწერი Corporate Name

ჩანაწერთა რაოდენობა, რომელიც გამოყენებულია: 2

001 - CONTROL NUMBER

  • control field: 23021

003 - CONTROL NUMBER IDENTIFIER

  • control field: GE_BSU

005 - DATE AND TIME OF LATEST TRANSACTION

  • control field: 20240730171235.0

008 - FIXED-LENGTH DATA ELEMENTS

  • fixed length control field: 240730|| aca||aabn | a|a d

040 ## - CATALOGING SOURCE

  • Original cataloging agency: GE_BSU
  • Transcribing agency: GE_BSU

110 ## - HEADING--CORPORATE NAME

  • Corporate name or jurisdiction name as entry element: Ivane Javakhishvili Tbilisis State University. Arnold Chikobava Institute of Linguistics. Тбилисский гос ун-т им. Иванэ Джавахишвили. Ин-т языкознания им. Арнольда Чикобава.

670 ## - SOURCE DATA FOUND

  • Source citation: Work cat.: (GE_BSU): ლომთათიძე, ქეთევან 1911-2007, ავტორი. 7948, შრომები = Works = Труды.